000 01488nas1a22002771i 4500
001 RU\NLR\INFOCOMM6\1000486235
005 20260407074204.0
035 _a(NLR Aleph) 002306010
090 _a4271167
_c4271167
100 _a20041004c1999 |||y0rusy50 ca
101 0 _arus
102 _aRU
110 _aahu||||0|y0
200 1 _aПрофессиональный потенциал
_eНауч.-метод. журн.
_fКом. труда и занятости Правительства Москвы
210 _aМ.
_cГос. центр. проф. ориентации и психол. поддержки безработ. граждан и незанятого населения
_d1999-
712 0 1 _4570
_aМосква
_bКомитет труда и занятости
_3RU\NLR\AUTH\889990491
_9476622
712 0 1 _4570
_aРоссийская Федерация
_bФедеральная государственная служба занятости
_bДепартамент по городу Москве
_3RU\NLR\AUTH\8810038214
_9575268
801 1 _aRU
_bInfoComm
_c20041004
801 0 _aRU
_bNLR
_gPSBO
852 _aNLR
_jП22/7203
942 _cJOURNAL
980 _aRUSPER